Biblioteca

Confabulación diabólica : (Registro nro. 60965)

Detalles MARC
000 -LÍDER
Campo fijo de descripción fija 01586aab a2200205 i 4500
001 - NÚMERO DE CONTROL
Campo de control 768714001
003 - IDENTIFICADOR DEL NÚMERO DE CONTROL
Campo de control CO-MdFUSB
005 - FECHA Y HORA DE LA ULTIMA TRANSACCIÓN
control field 20240424133707.0
008 - ELEMENTOS DE LONGITUD FIJA -- INFORMACIÓN GENERAL
Campo fijo de descripción fija -- Información general 220805t2005 ck a|||| |||| 00| 0 spa d
022 ## - NÚMERO INTERNACIONAL NORMALIZADO PARA PUBLICACIONES SERIADAS
Número Internacional Normalizado para Publicaciones Seriadas 14091968
040 ## - FUENTE DE CATALOGACIÓN
Idioma de catalogación spa
Agencia que realiza la transcripción CO-MdFUSB
041 ## - CÓDIGO DE IDIOMA
Código de idioma para texto/pista de sonido o título separado spa
110 ## - ASIENTO PRINCIPAL--NOMBRE CORPORATIVO
Nombre corporativo o de jurisdicción como elemento de entrada Apuntes Pastorales,
245 10 - TÍTULO
Título Confabulación diabólica :
Subtitulo una mirada al lado oscuro de la internet
Mención de responsabilidad / Apuntes Pastorales
300 ## - DESCRIPCIÓN FÍSICA
Extensión Volumen 22, número 3 (abril - junio, 2005), páginas: 48 - 51
Dimensiones ; 27 cm
520 ## - NOTA DE RESUMEN, ETC.
Nota de sumario, etc. El enemigo de nuestras almas echa mano de la estrategia "león rugiente, anda buscando a quien devorar": espera agazapado para atacar a aquellos discípulos ingenuos que creen que sus salvación les otorga garantía de protección. Más la exhortación de la Palabra es para que seamos "sobrios y velemos". El concepto que pretende comunicar Pedro es que debemos mantener los ojos bien abiertos, atentos a lo que está pasando a nuestro alrededor. No debemos dudar, ni por un instante, que el enemigo buscará infiltrarse en nuestro medio antes de que tengamos oportunidad de reaccionar.<br/>Uno de los lugares donde el enemigo ha encontrado presas fáciles es entre los inocentes usuarios de internet. Disfrazando sus verdaderas intenciones detrás de lo que erróneamente consideramos inofensivas imágenes, está produciendo verdaderos estragos en la vida de matrimonios, familias y congregaciones.
650 #0 - ASIENTO SECUNDARIO DE MATERIA - TERMINO TEMÁTICO
9 (RLIN) 19
Término temático o nombre geográfico como elemento de entrada Vida cristiana
773 0# - ASIENTO DE ITEM FUENTE
Título Apuntes Pastorales
Biblionumber 49442
Itemnumber 60138
Parte(s) relacionada(s) / Volumen., número. (mes año), páginas Volumen 22, número 3 (abril - junio, 2005), páginas: 48 - 51
Enumeración y primera página página: 48
942 ## - TIPO DE MATERIAL (KOHA)
Tipo de Item KOHA Artículos de Revista

No hay ítems disponibles.

Biblioteca FUSBC | Teléfono: (57+4) 349 88 10 Ext. 141| WhatsApp (+57) 3005338115 
E-mail: biblioteca@unisbc.edu.co | Calle 76 87-14 Robledo Palenque, Medellín, Colombia

Con tecnología Koha